| 000 | 02286cam a2200529 a 4500 | ||
|---|---|---|---|
| 001 | data | ||
| 005 | 20260322212111.0 | ||
| 008 | data | ||
| 035 | _a16744373 | ||
| 906 |
_a7 _bcbc _ccopycat _d3 _encip _f20 _gy-nonroman |
||
| 925 | 0 |
_aacquire _b1 shelf copy _xpolicy default |
|
| 010 | _a 2011369567 | ||
| 020 | _a9787504953803 | ||
| 020 | _a7504953806 | ||
| 035 | _a(OCoLC)696286637 | ||
| 040 |
_aCPV _cCPV _dDLC |
||
| 041 | 1 |
_achi _hjpn |
|
| 042 | _alccopycat | ||
| 043 |
_aa-ja--- _aa-ja--- |
||
| 050 | 0 | 0 |
_aHG187.C6 _bZ45865 2010 |
| 066 | _c$1 | ||
| 245 | 0 | 0 |
_6880-01 _aZhong Ri jin rong xue shu jiao liu wen ji, 1997-2008 nian / _cZhongguo gong shang yin hang cheng shi jin rong yan jiu suo, Riben Xiongben xue yuan da xue. |
| 880 | 0 | 0 |
_6245-01/$1 _a$1!04!Bs!]>!W&':`EWF!0^!G;!BX!_A(B, 1997-2008 $1!<e(B / _c$1!04K7o!<7!6F']Z!WD!87!<D!]>!W&KN7!ON!?u(B, $1!Bs!Ci!Ix!Ci':`'7q!9%':`(B. |
| 250 |
_6880-02 _aDi 1 ban. |
||
| 880 |
_6250-02/$1 _a$1!Os(B 1 $1!JH(B. |
||
| 260 |
_6880-03 _aBeijing Shi : _bZhongguo jin rong chu ban she, _c2010. |
||
| 880 |
_6260-03/$1 _a$1!4I!0a!<D(B : _b$1!04K7o!]>!W&!3K!JH!Na(B, _c2010. |
||
| 300 |
_a6, 3, 478 p. : _bill. ; _c27 cm. |
||
| 336 |
_atext _btxt _2rdacontent |
||
| 337 |
_aunmediated _bn _2rdamedia |
||
| 338 |
_avolume _bnc _2rdacarrier |
||
| 500 |
_6880-04 _aBen shu shou lu de zhu yao shi zi 1997 nian yi lai Zhong Ri jin rong xue shu jiao liu zhong, shuang fang zai li jie guo ji yan tao hui shang de yan jiang gao. |
||
| 880 |
_6500-04/$1 _a$1!Ci'CU!B=']t!M"!09!X%!C'!T&(B 1997 $1!<e!0w'1L!04!Bs!]>!W&':`EWF!0^!G;!04(B, $1'_N!Bg!7z'CI-;TK7o'_7KN7'X='CZ!0&!M"!HR'Y4!O>(B. |
||
| 500 | _aSome articles translated from Japanese. | ||
| 504 | _aIncludes bibliographical references. | ||
| 650 | 0 |
_aFinance _zChina. |
|
| 650 | 0 |
_aFinance _zJapan. |
|
| 650 | 0 | _aFinance. | |
| 710 | 2 |
_6880-05 _aZhongguo gong shang yin hang. _bCheng shi jin rong yan jiu suo. |
|
| 880 | 2 |
_6710-05/$1 _a$1!04K7o!<7!6F']Z!WD(B. _b$1!87!<D!]>!W&KN7!ON!?u(B. |
|
| 710 | 2 |
_6880-06 _aKumamoto Gakuen Daigaku. |
|
| 880 | 2 |
_6710-06/$1 _a$1!Ix!Ci':`!7q!9%':`(B. |
|
| 923 |
_d20110419 _nT201100372 _sCNP |
||
| 985 |
_aCNP load _d2011-04-21 |
||
| 999 |
_c1664 _d1664 |
||